Municipios de Boyacá - Map Quiz - Estadísticas

Estadísticas generales
  • Esta prueba ha sido intentada 3.879 veces
  • La puntuación promedio es 58 de 123
Respuestas en el mapa
Las respuestas están codificadas por una escala verde-roja en el mapa de la prueba según el % correcto abajo.
 
Estadísticas de respuestas
Respuesta % Correcto
TUNJA
94%
SOGAMOSO
90%
DUITAMA
89%
PAIPA
84%
CHIQUINQUIRA
83%
VILLA DE LEYVA
80%
PUERTO BOYACA
79%
MONIQUIRA
73%
RAQUIRA
72%
VENTAQUEMADA
70%
EL COCUY
69%
AQUITANIA
67%
MONGUI
66%
NOBSA
66%
BELEN
65%
TOTA
64%
TUTA
64%
BOYACA
63%
MUZO
63%
SUTAMARCHAN
63%
RAMIRIQUI
61%
IZA
60%
JENESANO
60%
GARAGOA
59%
SAMACA
59%
SORA
59%
ARCABUCO
58%
COMBITA
58%
CORRALES
56%
SANTA ROSA DE VITERBO
56%
PAJARITO
55%
TIBASOSA
54%
TOCA
54%
CHITA
53%
MIRAFLORES
53%
OTANCHE
53%
SOATA
53%
SABOYA
51%
SANTA SOFIA
51%
CUCAITA
50%
GUICAN
50%
SORACA
50%
SOTAQUIRA
50%
GUATEQUE
49%
SANTA MARIA
49%
SATIVANORTE
49%
SATIVASUR
49%
TENZA
49%
SAN LUIS DE GACENO
48%
TURMEQUE
48%
ZETAQUIRA
48%
CERINZA
47%
FIRAVITOBA
47%
PESCA
47%
PISBA
47%
SOCHA
47%
LA UVITA
46%
MONGUA
46%
PAZ DE RIO
46%
SANTANA
46%
GUACAMAYAS
45%
SACHICA
45%
SUTATENZA
45%
TINJACA
45%
CUBARA
44%
NUEVO COLON
44%
SOMONDOCO
44%
BUSBANZA
43%
LABRANZAGRANDE
43%
PAUNA
43%
CHIVOR
42%
SAN PABLO DE BORBUR
42%
BOAVITA
41%
CHISCAS
41%
MOTAVITA
41%
SAN MATEO
41%
EL ESPINO
40%
OICATA
39%
PAEZ
39%
PAYA
39%
TIBANA
39%
CALDAS
38%
SAN JOSE DE PARE
38%
BRICEÑO
37%
MACANAL
37%
TOGUI
37%
COPER
36%
CUITIVA
36%
JERICO
36%
MARIPI
36%
SUSACON
36%
BERBEO
35%
CHITARAQUE
35%
GAMEZA
35%
LA CAPILLA
35%
TASCO
35%
FLORESTA
34%
QUIPAMA
34%
SAN MIGUEL DE SEMA
34%
ALMEIDA
33%
CHINAVITA
33%
SOCOTA
33%
TIPACOQUE
33%
UMBITA
33%
LA VICTORIA
32%
PANQUEBA
32%
RONDON
32%
SIACHOQUE
32%
TUTAZA
32%
CHIQUIZA
31%
GACHANTIVA
31%
VIRACACHA
31%
BETEITIVA
30%
BUENAVISTA
30%
SAN EDUARDO
30%
CAMPOHERMOSO
29%
CHIVATA
29%
PACHAVITA
29%
COVARACHIA
28%
TOPAGA
28%
GUAYATA
27%
CIENEGA
26%
TUNUNGUA
25%
No se encontraron pruebas coincidentes
Distribución de puntuación
Porcentaje de gente con cada puntuación
Porcentaje por número respondido
Historial de tus puntuaciones
No has intentado esta prueba.